<?xml version="1.0" encoding="UTF-8"?>
<record
    xmlns:xsi="http://www.w3.org/2001/XMLSchema-instance"
    xsi:schemaLocation="http://www.loc.gov/MARC21/slim http://www.loc.gov/standards/marcxml/schema/MARC21slim.xsd"
    xmlns="http://www.loc.gov/MARC21/slim">

  <leader>01216nam a22002657a 4500</leader>
  <controlfield tag="001">BRCA_9218</controlfield>
  <controlfield tag="003">FranzMayer</controlfield>
  <controlfield tag="005">20220809140051.0</controlfield>
  <controlfield tag="008">220725b        |||||||| |||| 00| 0 eng d</controlfield>
  <datafield tag="022" ind1=" " ind2=" ">
    <subfield code="a">10351841</subfield>
  </datafield>
  <datafield tag="040" ind1=" " ind2=" ">
    <subfield code="b">spa</subfield>
    <subfield code="c">MFM</subfield>
  </datafield>
  <datafield tag="041" ind1=" " ind2=" ">
    <subfield code="a">eng</subfield>
  </datafield>
  <datafield tag="050" ind1=" " ind2=" ">
    <subfield code="a">NK3700</subfield>
    <subfield code="b">C47 2004 </subfield>
  </datafield>
  <datafield tag="245" ind1="0" ind2="0">
    <subfield code="a">Ceramics : </subfield>
    <subfield code="b">Art and Perception</subfield>
  </datafield>
  <datafield tag="260" ind1=" " ind2=" ">
    <subfield code="a">Australia : </subfield>
    <subfield code="b">Janet Mansfield, </subfield>
    <subfield code="c">2004</subfield>
  </datafield>
  <datafield tag="300" ind1=" " ind2=" ">
    <subfield code="a">118 p. : </subfield>
    <subfield code="b">il., fot. col. ; </subfield>
    <subfield code="c">18.5 x 26 cm.</subfield>
  </datafield>
  <datafield tag="310" ind1=" " ind2=" ">
    <subfield code="a">Trimestral</subfield>
  </datafield>
  <datafield tag="362" ind1=" " ind2=" ">
    <subfield code="a">1990-2021</subfield>
  </datafield>
  <datafield tag="440" ind1=" " ind2=" ">
    <subfield code="a">Ceramics : Art and Perception</subfield>
    <subfield code="v">55</subfield>
    <subfield code="x">10351841</subfield>
    <subfield code="9">28497</subfield>
  </datafield>
  <datafield tag="500" ind1=" " ind2=" ">
    <subfield code="a">Ubicaci&#xF3;n: L59-N5</subfield>
  </datafield>
  <datafield tag="520" ind1=" " ind2=" ">
    <subfield code="a">Ceramics: Art and Perception establece el est&#xE1;ndar como una revista dedicada al arte de la cer&#xE1;mica. Los art&#xED;culos seleccionados y las rese&#xF1;as solicitadas est&#xE1;n escritos sobre una amplia gama de artistas internacionales y temas relevantes para la cer&#xE1;mica. Se tiene un punto de vista internacional y multicultural. Con temas que van desde lo funcional a lo ef&#xED;mero, lo tradicional a lo filos&#xF3;fico, lo provocativo y contempor&#xE1;neo a lo hist&#xF3;rico y lo cr&#xED;tico.</subfield>
  </datafield>
  <datafield tag="650" ind1=" " ind2=" ">
    <subfield code="a">Cer&#xE1;mica</subfield>
    <subfield code="v">Revistas</subfield>
    <subfield code="x">Arte</subfield>
    <subfield code="x">Decoraci&#xF3;n y ornamentaci&#xF3;n</subfield>
    <subfield code="9">28498</subfield>
  </datafield>
  <datafield tag="942" ind1=" " ind2=" ">
    <subfield code="2">lcc</subfield>
    <subfield code="c">H</subfield>
  </datafield>
  <datafield tag="999" ind1=" " ind2=" ">
    <subfield code="c">10837</subfield>
    <subfield code="d">10837</subfield>
  </datafield>
  <datafield tag="952" ind1=" " ind2=" ">
    <subfield code="0">0</subfield>
    <subfield code="1">0</subfield>
    <subfield code="2">lcc</subfield>
    <subfield code="4">0</subfield>
    <subfield code="7">0</subfield>
    <subfield code="a">BRCA</subfield>
    <subfield code="b">BRCA</subfield>
    <subfield code="d">2022-07-25</subfield>
    <subfield code="l">0</subfield>
    <subfield code="o">NK3700 C47 2004 </subfield>
    <subfield code="p">CONT10003</subfield>
    <subfield code="r">2022-07-25 00:00:00</subfield>
    <subfield code="w">2022-07-25</subfield>
    <subfield code="y">H</subfield>
  </datafield>
</record>
